| 000 | 00470nam a2200193Ia 4500 | ||
|---|---|---|---|
| 008 | 170918s9999 xx 000 0 und d | ||
| 020 | _a9781416541929 | ||
| 050 | _bT992la 2007 | ||
| 100 | _aTyree, Omar | ||
| 245 | 4 | _aThe last street novel / | |
| 245 | _cby Omar Tyree. | ||
| 260 | _aNew York : | ||
| 260 | _bSimon & schuster, | ||
| 260 | _c2007 | ||
| 300 | _a401 pages : | ||
| 300 | _billustrations ; | ||
| 300 | _c21cm. | ||
| 300 | _eThe last street novel. | ||
| 999 |
_c343905 _d343905 |
||